Komplexné voľby vo finančných službách

Pokračovanie článku z predchádzajúceho čísla. Spracovanie informácii, voľby a metódy rozhodovania. Metóda vážených súčtov (weighted additive method, WADD). Kritéria rozhodovania, porovnanie alternatív a výber alternatívy.

Uložené v:
Podrobná bibliografia
Hlavný autor: Baláž, Vladimír
Médium: Kapitola
Jazyk:Slovak
Predmet:
Tagy: Pridať tag
Žiadne tagy, Buďte prvý, kto otaguje tento záznam!

MARC

LEADER 00000naa a2200000 4500
001 0151658
005 20231019092441.1
041 0 |a slo 
044 |a SK 
245 1 0 |a Komplexné voľby vo finančných službách  |c Vladimír Baláž 
520 |a Pokračovanie článku z predchádzajúceho čísla. Spracovanie informácii, voľby a metódy rozhodovania. Metóda vážených súčtov (weighted additive method, WADD). Kritéria rozhodovania, porovnanie alternatív a výber alternatívy. 
610 2 0 |a poradenstvo finančné 
610 2 0 |a poradenstvo investičné 
610 2 0 |a služby finančné 
610 2 0 |a poradcovia finanční 
610 2 0 |a služby poradenské 
610 2 0 |a rozhodovanie individuálne 
610 2 0 |a spotrebitelia 
100 1 |a Baláž, Vladimír